01730nam a2200217 a 450000100060000000300090000600800410001504000280005608200150008410000250009924500690012426000510019330000210024450000320026550510630029765000280136065000290138865000420141765000280145965000250148722575CO-ViMGA141112s2004 ck r 000 u spa d aCO-ViMGAbspacCO-ViMGA04a371.3 C6561 aHernández, Mariela10aCómo enseñar con las nuevas tecnologias en la escuela de hoy aBuenos Aires : bCultura Internacional, c2004 a3 V + 1 CD - ROM aVol. y núm. : 3 +CD - ROM aVolumen 1 : El cótel tecnológico : Que es la tecnologia, Ciencia, tecnica, tecnología, educación y sociedad, diferencias entre ciencia y tecnologia, tecnologia y cultura, como aprovechar los beneficios tecnólogicos, La tecnologia y la sociedad, la tecnologia y sus olas, la educación tecnologica en la escuela, el campo de la tecnologia educativa, materiales y recursos didacticos 1 - 130 - - VOLUMEN 2 : Educación y medios de comunicación, la escuela a la defensiva, necesidad de una educación en medios, la alfabetizacion en medios, imagenes de radio, caracteristicas de la comunicacion radial, la radio como instrumento educativo, el formato radiofonico, actividades segun las tareas rradiofonicas, radioteatro 130 - 214 - - VOLUMEN 3 : La sociedad de la informacion, la globalizacion, que se entiende por nuevas tecnologias, nuevas tecnologias y la cultura y la educación , modas tecnologicas y educación, nuevas tecnologia y gestion del conocimiento, que es la web?, que es el internet?, que es el web - mail?, el chat? 258 - 336 14aBIOGRAFIAS DE PEDAGOGOS14aeducación POR INTERNET14aENSEÑANZA CON AYUDA DE COMPUTADORES14aINNOVACIONES EDUCATIVAS14aTECNOLOGIA EDUCATIVA